000 00458nam a2200169Ia 4500
999 _c28472
_d28472
003 OSt
005 20210107111944.0
008 190216s9999||||xx |||||||||||||| ||und||
040 _coclc
082 _a894.812301
_bVIK/N
100 _aVikraman
_98235
245 0 _aNettiyil Muzha /
_cVikraman
260 _bPen Books,
_aAluva:
_c2002.
300 _a96p
650 _aKathakal
942 _cBK
_2ddc
_h894.812301
_iVIK/N
_k894.812301
_mVIK/N